LIBRARY & INFORMATION CENTRE, KCAET, TAVANUR

ONLINE PUBLIC ACCESS CATALOGUE (OPAC)

Irrigation for agricultural Modernization / (Record no. 2786)

MARC details
000 -LEADER
fixed length control field 00525cam a2200205ua 4500
020 ## - INTERNATIONAL STANDARD BOOK NUMBER
ISBN 81-85046-49-2
041 ## - LANGUAGE CODE
Language code of text/sound track or separate title eng
082 ## - DEWEY DECIMAL CLASSIFICATION NUMBER
Classification number 631.5875
Item number GUR/IR
100 ## - MAIN ENTRY--AUTHOR NAME
Personal name Gurjar, R.k .
245 ## - TITLE STATEMENT
Title Irrigation for agricultural Modernization /
250 ## - EDITION STATEMENT
Edition statement 1 /
260 ## - PUBLICATION, DISTRIBUTION, ETC. (IMPRINT)
Place of publication Jaipur :
Name of publisher Accademic Publishers ,
Year of publication 1987.
300 ## - PHYSICAL DESCRIPTION
Number of Pages 194 ; .
942 ## - ADDED ENTRY ELEMENTS (KOHA)
Koha item type Books
Holdings
Withdrawn status Lost status Damaged status Home library Current library Date acquired Full call number Accession Number Koha item type
      KAUAET KAUAET 07/04/2012 631.5875 16982 Books
      KAUAET KAUAET 07/04/2012 631.5875 16904 Books
      KAUAET KAUAET 07/04/2012 631.5875 16981 Books
free website counter